00448nam a2200205Ia 4500003000900000008004100009040001300050040001300063041000800076100001500084245002300099250001300122260002000135260000900155300001100164300001600175300001100191490003400202490000600236IT-RoPAU120407s9999 xx 000 0 und d aIT-RoPAU cIT-RoPAU aita aJohn Dewey aScuola e società aFirenze  aLa Nuova Italia c1962 a140 p. bill. 4 tav. c20 cm a Educatori antichi e moderni  v1